MARC details
| 000 -CABECERA |
| campo de control de longitud fija |
03578ngm a2200469 i 4500 |
| 001 - NÚMERO DE CONTROL |
| campo de control |
991061308196206706 |
| 003 - IDENTIFICADOR DEL NÚMERO DE CONTROL |
| campo de control |
ES-BaIT |
| 005 - FECHA Y HORA DE LA ÚLTIMA TRANSACCIÓN |
| campo de control |
20260209115443.0 |
| 008 - DATOS DE LONGITUD FIJA--INFORMACIÓN GENERAL |
| campo de control de longitud fija |
250404s2011 xxu||| |-|||||q|| vleng|c |
| 024 1# - IDENTIFICADOR DE OTROS ESTÁNDARES |
| Número estándar o código |
089948453291 |
| 028 40 - NÚMERO DE EDITOR O DISTRIBUIDOR |
| Número de editor o de distribuidor |
4532 |
| Fuente |
VAI |
| 040 ## - FUENTE DE LA CATALOGACIÓN |
| Centro catalogador/agencia de origen |
ES-BaIT |
| Lengua de catalogación |
cat |
| Normas de descripción |
rda |
| Centro/agencia transcriptor |
ES-BaIT |
| 080 ## - NÚMERO DE LA CLASIFICACIÓN DECIMAL UNIVERSAL |
| Número de la Clasificación Decimal Universal |
793.4 (086.8) |
| 245 00 - MENCIÓN DE TÍTULO |
| Título |
Great stars of Russian ballet : |
| Resto del título |
historic performances 1972-1992. |
| Número de parte o sección de la obra |
Volume 3 / |
| Mención de responsabilidad, etc. |
choreographies by Petipa, Vetrov, Kasatkina, Vasiliev, Fokine, Vladimir Burmeister, Elizarev, Bournonville, Gzovskyi, Gorsky |
| 264 #1 - PRODUCCIÓN, PUBLICACIÓN, DISTRIBUCIÓN, FABRICACIÓN Y COPYRIGHT |
| Producción, publicación, distribución, fabricación y copyright |
New York : |
| Nombre del de productor, editor, distribuidor, fabricante |
Video Artist International, |
| Fecha de producción, publicación, distribución, fabricación o copyright |
2011 |
| 264 #4 - PRODUCCIÓN, PUBLICACIÓN, DISTRIBUCIÓN, FABRICACIÓN Y COPYRIGHT |
| Producción, publicación, distribución, fabricación y copyright |
©2010 |
| 300 ## - DESCRIPCIÓN FÍSICA |
| Extensión |
1 videodisc (DVD) (95 min): |
| Otras características físicas |
color, so; |
| Dimensiones |
14 cm |
| 336 ## - TIPO DE CONTENIDO |
| Término de tipo de contenido |
imatge en moviment bidimensional |
| Código de tipo de contenido |
tdi |
| Fuente |
rdacontent |
| 337 ## - TIPO DE MEDIO |
| Nombre/término del tipo de medio |
vídeo |
| Código del tipo de medio |
v |
| Fuente |
rdamedia |
| 338 ## - TIPO DE SOPORTE |
| Nombre/término del tipo de soporte |
videodisc |
| Código del tipo de soporte |
vd |
| Fuente |
rdacarrier |
| 344 ## - CARACTERÍSTICAS DE SONIDO |
| Tipo de grabación |
digital |
| Medio de grabación |
magnètic |
| Configuración de los canales de reproducción del sonido |
mono |
| Fuente |
rda |
| 346 ## - CARACTERÍSTICAS DE VÍDEO |
| Estándar de emisión |
NTSC |
| 347 ## - CARACTERÍSTICAS DEL ARCHIVO DIGITAL |
| Tipo de archivo |
fitxer vídeo |
| Formato de codificación |
DVD vídeo |
| Codificación regional |
totes les regions |
| Fuente |
rda |
| 500 ## - NOTA GENERAL |
| Nota general |
Format de pantalla (4:3) |
| 505 8# - NOTA DE CONTENIDO CON FORMATO |
| Nota de contenido con formato |
Conté: Le Corsaire / music Adam ; choreography Petipa -- Raymonda: Grand pas d'action / music Glazunov ; choreography Petipa -- The Legend / music Pergolesi ; choreography Vetrov -- Creation of the World / music Petrov ; choreography Kasatkina and Vasilev -- The Sleeping Beauty / music Tchaikovsky ; choreography Petipa -- Le Spectre de la Rose / music Weber ; choreography Fokine -- Straussiana / music Johann Strauss II ; choreography Vladimir Burmeister -- Nocturne / music Tchaikovsky ; choreography Elizarev - Adagio / music Rachmaninoff ; choreography Vetrov -- Serenata notturna / music Mozart ; choreography Kasatkina and Vasilev -- The Flower Festival in Genzano / music Helsted ; choreography Bournonville -- Gran Pas Classique / music Auber ; choreography Gzovsky -- Don Quixote: Pas de deux / music Minkus ; choreography Gorsky, after Petipa |
| 511 1# - NOTA DE PARTICIPANTES O INTÉRPRETES |
| Nota de participantes o intérpretes |
Ballarins: Ludmila Vasilieva i Ivan Korneev (Le Corsaire, 1992), Lyubov Kunakova and Redjep Adiev (Raymonda: Grand pas d'action, 1983), Nina Timofeeva i Yuri Vetrov (The Legend, 1981), Ekaterina Maxinova i Stanislav Isaaev (Creation of the World, 1981), Tatyana Tayakina i Valey Kovtun (The Sleeping Beauty, 1976), Valeria Tsoi i Vladimir Malakhov ( Le Spectre de la Rose, 1991), Lilia Trunina i Oleg Mikrashevsky (Straussiana, 1975), Maya Plisetskaya i Anatoly Verdishev (Nocturne, 1975), Nina Timofeeva i Aleksei Lazarev (Adagio, 1980), Nadezhda Saidaakova i Vladimir Malakhov (Serenata notturna, 1991), Tatyana Paliy i Vladimir Malakoh (The Flower Festival in Genzano, 1991), Vera Timashova i Alexander Gorbatsevich (Gran Pas Classique, 1992), Ekaterina Maxmova i Vladimir Vasiliev (Don Quixote: Pas de deux, 1972) |
| 650 #4 - PUNTO DE ACCESO ADICIONAL DE MATERIA--TÉRMINO DE MATERIA |
| Término de materia o nombre geográfico como elemento de entrada |
Dansa clàssica |
| Subdivisión general |
Coreografies |
| -- |
Fragments |
| 9 (RLIN) |
94241 |
| 650 #4 - PUNTO DE ACCESO ADICIONAL DE MATERIA--TÉRMINO DE MATERIA |
| Término de materia o nombre geográfico como elemento de entrada |
Dansa clàssica |
| Subdivisión general |
Pas de deux |
| -- |
Coreografies |
| 9 (RLIN) |
94242 |
| 700 1# - ENTRADA AGREGADA--NOMBRE PERSONAL |
| Nombre de persona |
Petipa, Marius, |
| Fechas asociadas al nombre |
1818-1910 |
| Término indicativo de función/relación |
coreògraf |
| 9 (RLIN) |
55719 |
| 700 1# - ENTRADA AGREGADA--NOMBRE PERSONAL |
| Nombre de persona |
Vetrov, A. A. |
| Forma completa/desarrollada del nombre |
(Aleksandr Aleksandrovich), |
| Término indicativo de función/relación |
coreògraf |
| 9 (RLIN) |
168380 |
| 700 1# - ENTRADA AGREGADA--NOMBRE PERSONAL |
| Nombre de persona |
Kasatkina, Natalia |
| Término indicativo de función/relación |
coreògraf |
| 9 (RLIN) |
108625 |
| 700 1# - ENTRADA AGREGADA--NOMBRE PERSONAL |
| Nombre de persona |
Vasiliev, Vladimir Lubovich |
| Término indicativo de función/relación |
coreògraf |
| 9 (RLIN) |
168381 |
| 700 1# - ENTRADA AGREGADA--NOMBRE PERSONAL |
| Nombre de persona |
Fokine, Michel, |
| Fechas asociadas al nombre |
1880-1942 |
| Término indicativo de función/relación |
coreògraf |
| 9 (RLIN) |
19621 |
| 700 1# - ENTRADA AGREGADA--NOMBRE PERSONAL |
| Nombre de persona |
Burmeister, Vladimir Pàvlovitx, |
| Fechas asociadas al nombre |
1904-1971 |
| Término indicativo de función/relación |
coreògraf |
| 9 (RLIN) |
128517 |
| 700 1# - ENTRADA AGREGADA--NOMBRE PERSONAL |
| Nombre de persona |
Ielizariev, Valentin |
| Término indicativo de función/relación |
coreògraf |
| 9 (RLIN) |
168382 |
| 700 1# - ENTRADA AGREGADA--NOMBRE PERSONAL |
| Nombre de persona |
Bournonville, August, |
| Fechas asociadas al nombre |
1805-1879 |
| Término indicativo de función/relación |
coreògraf |
| 9 (RLIN) |
9479 |
| 700 1# - ENTRADA AGREGADA--NOMBRE PERSONAL |
| Nombre de persona |
Gsovsky, Victor, |
| Fechas asociadas al nombre |
1902-1974 |
| Término indicativo de función/relación |
coreògraf |
| 9 (RLIN) |
168383 |
| 700 1# - ENTRADA AGREGADA--NOMBRE PERSONAL |
| Nombre de persona |
Gorski, Aleksandr Aleksiévitx, |
| Fechas asociadas al nombre |
1871-1924 |
| Término indicativo de función/relación |
coreògraf |
| 9 (RLIN) |
146128 |
| 908 ## - COLOCAR PARÁMETRO DE COMANDO (RLIN) |
| Colocar parámetro de comando |
CDMAE |
| 940 ## - EQUIVALENCIA O REFERENCIA-CRUZADA--TÍTULO UNIFORME [OBSOLETO] [solamente CAN/MARC] |
| Título uniforme |
<a href="CDMAE">CDMAE</a> |
| 942 ## - ELEMENTOS DE ENTRADA AGREGADA (KOHA) |
| Fuente del sistema de clasificación o colocación |
Clasificación decimal universal |
| Tipo de ítem Koha |
Vídeo |